The green dream (Record no. 77606)

MARC details
000 -LEADER
fixed length control field 01122cab a2200193 4500
001 - CONTROL NUMBER
control field ##L134656
008 - FIXED-LENGTH DATA ELEMENTS--GENERAL INFORMATION
fixed length control field 060823n2006 000 0 eng u
035 ## - SYSTEM CONTROL NUMBER
System control number (Sirsi) u134656
041 0# - LANGUAGE CODE
Language code of text/sound track or separate title eng
100 1# - MAIN ENTRY--PERSONAL NAME
Personal name McCormick, Helen
245 04 - TITLE STATEMENT
Title The green dream
260 ## - PUBLICATION, DISTRIBUTION, ETC.
Date of publication, distribution, etc. 2006
490 #0 - SERIES STATEMENT
Series statement Contract Journal
Volume/sequential designation 434(6587) 9 August 2006, 5(1)
520 ## - SUMMARY, ETC.
Summary, etc. Reports that in a recent survey two out of three construction clients and consultants considered it to be very important to use an environmentally-responsible contractor, with only a tiny percentage considering it unimportant. 77% of respondents now consider environmental issues when preparing a brief; an even larger percentage expect a principal contractor to put forward environmental initiatives upon which they can act. The survey identified the three key project environmental issues as the use of more sustainable products and services, climate change and carbon dioxide emissions, and recycling and waste management. Pie charts.
590 ## - LOCAL NOTE (RLIN)
Local note IKA050906
651 #4 - SUBJECT ADDED ENTRY--GEOGRAPHIC NAME
Geographic name United Kingdom
Chronological subdivision
690 ## - LOCAL SUBJECT ADDED ENTRY--TOPICAL TERM (OCLC, RLIN)
Topical term or geographic name as entry element BUILT ENVIRONMENT-SUSTAINABLE CONSTRUCTION
942 ## - ADDED ENTRY ELEMENTS (KOHA)
Suppress in OPAC 0
Holdings
Withdrawn status Lost status Source of classification or shelving scheme Damaged status Not for loan Home library Current library Shelving location Date acquired Total Checkouts Full call number Barcode Date last seen Copy number Price effective from Koha item type
    Dewey Decimal Classification     London London Journal article 23/08/2006   L134656 134656-1001 06/08/2019 1 06/08/2019 Journal article